| Tag |
First Indicator |
Second Indicator |
Subfields |
| LEADER |
00000cam a2200000 a 4500 |
| 001 |
in00001407514 |
| 005 |
20151020062214.0 |
| 008 |
970611s1997 nhu b 000 0aeng |
| 010 |
|
|
|a 97025950
|
| 020 |
|
|
|a 0435081500 (alk. paper)
|
| 035 |
|
|
|a (OCoLC)37156447
|
| 035 |
|
|
|9 AHP0964AM
|
| 040 |
|
|
|a DLC
|c DLC
|d TXA
|d UtOrBLW
|
| 043 |
|
|
|a n-us---
|
| 049 |
|
|
|a TXAM
|
| 050 |
0 |
0 |
|a LC4705
|b .U56 1997
|
| 082 |
0 |
0 |
|a 371.9/092
|2 21
|
| 100 |
1 |
|
|a Upham, Dayle A.
|
| 245 |
1 |
0 |
|a Making the grade :
|b reflections on being learning disabled /
|c Dayle A. Upham and Virginia H. Trumbull.
|
| 264 |
|
1 |
|a Portsmouth, NH :
|b Heinemann,
|c [1997]
|
| 264 |
|
4 |
|c ©1997
|
| 300 |
|
|
|a ix, 91 pages ;
|c 23 cm.
|
| 336 |
|
|
|a text
|b txt
|2 rdacontent
|
| 337 |
|
|
|a unmediated
|b n
|2 rdamedia
|
| 338 |
|
|
|a volume
|b nc
|2 rdacarrier
|
| 504 |
|
|
|a Includes bibliographical references (page 89).
|
| 600 |
1 |
0 |
|a Upham, Dayle A.
|
| 650 |
|
0 |
|a Learning disabled children
|z United States
|x Biography.
|
| 650 |
|
0 |
|a Learning disabled children
|x Education
|z United States.
|
| 700 |
1 |
|
|a Trumbull, Virginia H.
|
| 948 |
|
|
|a c:rd
|
| 999 |
|
|
|a MARS
|
| 999 |
f |
f |
|s 84508dc5-b5de-34d6-9c91-23cc6635a756
|i b770095b-7bca-3d6d-9d2f-40a1086e8b7a
|t 0
|
| 952 |
f |
f |
|p normal
|a Texas A&M University
|b College Station
|c Sterling C. Evans Library
|d Evans: Library Stacks
|t 0
|e LC4705 .U56 1997
|h Library of Congress classification
|i unmediated -- volume
|m A14822528623
|
| 998 |
f |
f |
|a LC4705 .U56 1997
|t 0
|l Evans: Library Stacks
|